| 000 | 01210cam a2200373 i 4500 | ||
|---|---|---|---|
| 001 | 26797 | ||
| 003 | Mx-PuUPA | ||
| 005 | 20250507163027.0 | ||
| 008 | 140415s1998 mx gr 001 f spa d | ||
| 020 | _a9681904850 | ||
| 040 |
_cMx-PuUPA _aMx-PuUPA _bspa _dMx-PuUPA _erda |
||
| 041 | 1 |
_aspa _hfre |
|
| 043 | _aa-vt--- | ||
| 100 | 1 |
_aBataille, Christophe, _d1971- _917007 _eautor |
|
| 240 | 1 | 0 |
_aAnnam. _lEspañol |
| 245 | 1 | 0 |
_aAnnam / _cChristophe Bataille ; traducción de Alberto Ruy Sánchez |
| 250 |
_aPrimera edición / _ben Alfaguara |
||
| 260 |
_a _b _c |
||
| 264 | 1 |
_aMéxico, D.F. : _bAlfaguara, _c©1998 |
|
| 300 |
_a76 páginas ; _c22 cm |
||
| 336 |
_2rdacontent _atexto _btxt |
||
| 337 |
_2rdamedia _asin medio _bn |
||
| 338 |
_2rdacarrier _avolumen _bnc |
||
| 650 | 7 |
_2armarc _aMonjes _vNovela _x |
|
| 651 | 4 |
_aVietnam _xHistoria _y1787-1858 _vNovela |
|
| 655 | 4 | _aNovela histórica | |
| 655 | 4 | _aNovela religiosa | |
| 700 | 1 |
_aRuy Sánchez, Alberto, _etraductor |
|
| 765 | 1 |
_aBataille, Christophe _tAnnam _dArlea, ©1993 |
|
| 942 |
_2ddc _cLI _h843.914 _iB3218 |
||
| 999 |
_c26797 _d26797 |
||